Pokémon - Les attaques de Tortipouss - Statistiques

Statistiques générales
  • Ce quiz a été pris 33 fois
  • Le résultat moyen est 9 sur 12
Statistiques - réponses
Niveaux Types Noms des attaques % Correct
Départ Normal Charge
96%
Niveau 5 Eau Repli
93%
Niveau 17 Spectre Malédiction
86%
Niveau 21 Ténèbres Morsure
86%
Niveau 37 Ténèbres Mâchouille
82%
Niveau 13 Plante Tranch'Herbe
82%
Niveau 29 Plante Vampigraine
79%
Niveau 9 Plante Vol-Vie
75%
Niveau 41 Plante Giga-Sangsue
71%
Niveau 25 Plante Méga-Sangsue
68%
Niveau 45 Plante Tempête Verte
68%
Niveau 33 Plante Synthèse
46%
Aucun quiz correspondant
Distribution des résultats
% des personnes avec chaque résultat
Percentile par nombre de réponses
Votre historique - résultats
Vous n’avez pas pris ce quiz